| 000 | 00520nam a22001937a 4500 | ||
|---|---|---|---|
| 005 | 20240509102845.0 | ||
| 008 | 240509b |||||||| |||| 00| 0 eng d | ||
| 020 | _a0-88022--415-4 | ||
| 082 |
_a004 _bBUR-U |
||
| 100 | _aBurns;Diane | ||
| 245 |
_aUsing Pagemaker/ _b IBM Version/ _cDiane Burns |
||
| 250 | _a2nd ed. | ||
| 260 |
_aUSA; _bQue Corporation; _c1989 |
||
| 300 |
_axxiv, 511 p. _bill; _c23.5 cm. |
||
| 500 | _aInclude index | ||
| 650 | _aComputer Science/Data Processing | ||
| 700 | _aS.Venit | ||
| 999 |
_c35731 _d35731 |
||